[Event "EU-Cup 22nd"]
[Site "Feugen"]
[Date "2006.10.12"]
[Round "5"]
[White "Hamdouchi, Hichem"]
[Black "Tregubov, Pavel V"]
[Result "1/2-1/2"]
[WhiteElo "2582"]
[BlackElo "2596"]
[PlyCount "90"]
[EventDate "2006.10.08"]
[EventType "team"]
[EventRounds "7"]
[EventCountry "AUT"]
[Source "ChessBase"]
[SourceDate "2006.11.01"]

1. e4 c5 2. Nf3 Nc6 3. d4 cxd4 4. Nxd4 e5 5. Nb5 d6 6. N1c3 a6 7. Na3 b5 8. Nd5
Nf6 9. c4 b4 10. Nxf6+ Qxf6 11. Nc2 Qg6 12. Ne3 Be7 13. g3 Bb7 14. Bg2 Nd4 15.
Qd3 Qh5 16. Nc2 Nxc2+ 17. Qxc2 O-O 18. O-O f5 19. exf5 Bxg2 20. Kxg2 Rac8 21.
Qe4 Qxf5 22. Qxf5 Rxf5 23. b3 d5 24. g4 Rff8 25. cxd5 Rfd8 26. Rd1 Rc5 27. Be3
Rcxd5 28. Rxd5 Rxd5 29. Rc1 Ra5 30. Rc2 e4 31. Bd2 Rd5 32. Kf1 h5 33. h3 a5 34.
Ke2 Rd3 35. Rc4 Rxh3 36. Rxe4 Kf7 37. Re5 hxg4 38. Rxa5 g3 39. fxg3 Rxg3 40.
Ra4 g5 41. Bxb4 Bxb4 42. Rxb4 Rg2+ 43. Kf3 Rxa2 44. Kg4 Ra5 45. Rb6 Ke7 1/2-1/2

[Event "EU-Cup 22nd"]
[Site "Feugen"]
[Date "2006.10.13"]
[Round "6"]
[White "Areshchenko, Alexander"]
[Black "Boensch, Uwe"]
[Result "1-0"]
[WhiteElo "2640"]
[BlackElo "2524"]
[PlyCount "80"]
[EventDate "2006.10.08"]
[EventType "team"]
[EventRounds "7"]
[EventCountry "AUT"]
[Source "ChessBase"]
[SourceDate "2006.11.01"]

1. e4 c5 2. Nf3 Nc6 3. d4 cxd4 4. Nxd4 e5 5. Nb5 d6 6. N1c3 a6 7. Na3 Be6 8.
Nc4 Rb8 9. Ne3 Nf6 10. g3 Be7 11. Bg2 O-O 12. Ncd5 b5 13. O-O b4 14. a3 a5 15.
axb4 axb4 16. b3 Qd7 17. Bb2 Bd8 18. Nc4 Bxd5 19. exd5 Na7 20. f4 e4 21. g4 Ne8
22. Bxe4 Bf6 23. g5 Bxb2 24. Nxb2 Nb5 25. Bd3 g6 26. Nc4 Nc3 27. Qf3 f6 28. Qg2
Ng7 29. Ne3 fxg5 30. Qxg5 Rbe8 31. Ng4 Qe7 32. Rfe1 Qc7 33. Rxe8 Nxe8 34. Kg2
Kh8 35. Re1 Ng7 36. Re7 Qd8 37. Bxg6 Nxd5 38. Rxg7 Qxg5 39. Rxh7+ Kg8 40. fxg5
Nf4+ 1-0

[Event "Monarch Assurance 15th"]
[Site "Port Erin"]
[Date "2006.09.27"]
[Round "5"]
[White "Areshchenko, Alexander"]
[Black "Ikonnikov, Vyacheslav"]
[Result "1-0"]
[WhiteElo "2641"]
[BlackElo "2587"]
[PlyCount "67"]
[EventDate "2006.09.23"]
[EventType "swiss"]
[EventRounds "9"]
[EventCountry "IOM"]
[Source "ChessBase"]
[SourceDate "2006.11.01"]

1. e4 c5 2. Nf3 Nc6 3. d4 cxd4 4. Nxd4 e5 5. Nb5 d6 6. N1c3 a6 7. Na3 Be7 8.
Nc4 b5 9. Ne3 Nf6 10. g3 h5 11. Bg2 h4 12. O-O Nd4 13. Ncd5 Nxd5 14. exd5 Rb8
15. g4 h3 16. Be4 b4 17. c3 bxc3 18. bxc3 Nb5 19. Qd3 Bg5 20. Rb1 Bd7 21. a4
Nc7 22. Rxb8 Qxb8 23. Nc4 Bxc1 24. Rxc1 Ke7 25. Re1 Qd8 26. Nxd6 Rh4 27. Nb7
Rxg4+ 28. Kf1 Qc8 29. d6+ Kf8 30. dxc7 Qxc7 31. Nc5 Bc8 32. Nxa6 Bxa6 33. Qxa6
g6 34. Qc6 1-0

[Event "7th Amplico AIG Life 13th-16th"]
[Site "Warsaw POL"]
[Date "2007.12.16"]
[Round "3"]
[White "Guliyev, N."]
[Black "Moiseenko, A1."]
[Result "0-1"]
[WhiteElo "2560"]
[BlackElo "2646"]
[PlyCount "64"]
[EventDate "2007.12.16"]
[SourceDate "1999.07.01"]

1. e4 c5 2. Nf3 Nc6 3. d4 cxd4 4. Nxd4 e5 5. Nb5 d6 6. c4 Be7 7. N1c3 a6 8. Na3
Be6 9. Be2 Bg5 10. O-O Bxc1 11. Rxc1 Nf6 12. Nc2 O-O 13. Qd3 Qb6 14. b3 Rad8
15. Nd5 Bxd5 16. cxd5 Ne7 17. Ne3 Ne8 18. a4 g6 19. Nc4 Qb4 20. Rc3 f5 21. Nd2
Nf6 22. Rc4 Qb6 23. Bf3 Rf7 24. g3 Rdf8 25. b4 fxe4 26. Bxe4 a5 27. bxa5 Qxa5
28. Rb1 Qa7 29. Kg2 Ng4 30. Bxg6 Qxf2+ 31. Kh3 Qxh2+ 32. Kxg4 hxg6 0-1

[Event "TCh-ROU Superliga"]
[Site "Predeal ROU"]
[Date "2007.10.14"]
[Round "2"]
[White "Iordachescu, V."]
[Black "Grigore, Ge"]
[Result "1/2-1/2"]
[WhiteElo "2567"]
[BlackElo "2538"]
[PlyCount "120"]
[EventDate "2007.10.13"]
[SourceDate "1999.07.01"]

1. e4 c5 2. Nf3 Nc6 3. d4 cxd4 4. Nxd4 e5 5. Nb5 d6 6. N1c3 a6 7. Na3 b5 8. Nd5
Nf6 9. Bg5 Be7 10. Nxe7 Nxe7 11. Bd3 Nd7 12. c4 b4 13. Nc2 a5 14. O-O Nc5 15.
Ne3 f6 16. Bh4 O-O 17. f3 Be6 18. Rc1 Qd7 19. Re1 Rac8 20. Bf2 Qb7 21. Bf1 Rfd8
22. Re2 Qb8 23. Rd2 Kf8 24. h4 h6 25. g3 Qb6 26. Kh2 Qb8 27. Bh3 Bxh3 28. Kxh3
Rc6 29. Kg2 Rdc8 30. h5 Nb7 31. b3 Qc7 32. Rcc2 Qd7 33. Nd5 Nxd5 34. Rxd5 Qc7
35. Rcd2 Kg8 36. Qh1 Qd7 37. Rb5 Qc7 38. Qh3 Re8 39. Qg4 Nd8 40. Rdd5 Ra6 41.
c5 Ne6 42. cxd6 Rxd6 43. Rxa5 Rxd5 44. Rxd5 Qc6 45. Be3 Qa6 46. Rd2 Rd8 47.
Rxd8+ Nxd8 48. Qd7 Ne6 49. Kh3 Kh7 50. Kg4 Nf8 51. Qe8 Qd6 52. Qf7 Qd8 53. Kh3
Qd3 54. Bxh6 Kxh6 55. Qxf8 Kxh5 56. Qh8+ Kg6 57. Qe8+ Kg5 58. Qe7 Qf1+ 59. Kh2
Qf2+ 60. Kh3 Qf1+ 1/2-1/2

[Event "24th ECC"]
[Site "Kallithea GRE"]
[Date "2008.10.18"]
[Round "2"]
[White "Alekseev, Evgeny"]
[Black "Andriasian, Z."]
[Result "1/2-1/2"]
[WhiteElo "2715"]
[BlackElo "2561"]
[PlyCount "45"]
[EventDate "2008.10.17"]
[SourceDate "1999.07.01"]

1. e4 c5 2. Nf3 Nc6 3. d4 cxd4 4. Nxd4 e5 5. Nb5 d6 6. c4 Be7 7. N5c3 Nf6 8.
Bd3 O-O 9. O-O Nd7 10. Nd5 Bg5 11. Nbc3 Bxc1 12. Rxc1 Nf6 13. Ne3 Be6 14. Bb1
Nd4 15. Ne2 Nxe2+ 16. Qxe2 Qa5 17. Rfd1 Rfd8 18. g4 g6 19. Qf3 Kg7 20. h4 Rac8
21. a3 Qc7 22. Kh2 h5 23. g5 1/2-1/2

[Event "II ROMGAZ Open"]
[Site "Bucharest ROU"]
[Date "2008.09.17"]
[Round "7"]
[White "Azarov, S."]
[Black "Grigore, Ge"]
[Result "1/2-1/2"]
[WhiteElo "2605"]
[BlackElo "2517"]
[PlyCount "85"]
[EventDate "2008.09.11"]
[SourceDate "1999.07.01"]

1. e4 c5 2. Nf3 Nc6 3. d4 cxd4 4. Nxd4 e5 5. Nb5 d6 6. N1c3 a6 7. Na3 b5 8. Nd5
Nf6 9. Bg5 Be7 10. Bxf6 Bxf6 11. c4 Nd4 12. cxb5 O-O 13. b6 Bb7 14. Bc4 Rb8 15.
O-O Bxd5 16. Bxd5 Qxb6 17. Nc4 Qc5 18. Qg4 g6 19. Kh1 Kg7 20. f4 h5 21. Qd7
Rbd8 22. Qb7 Qb5 23. fxe5 dxe5 24. Rad1 Rd7 25. Qb6 Qxb6 26. Nxb6 Re7 27. Nc4
h4 28. Rd3 Nb5 29. Rb3 Bg5 30. Na5 Rc7 31. a4 Nd4 32. Rb7 Bd8 33. Nc4 f6 34.
Rb8 Be7 35. Rb6 Ra7 36. a5 Rc8 37. b3 Nc2 38. Bb7 Rc5 39. Bxa6 Bd8 40. Rd6 Be7
41. Rb6 Bd8 42. Rd6 Be7 43. Rb6 1/2-1/2

[Event "SuperLiga-ROM"]
[Site "Eforie Nord ROM"]
[Date "2008.09.02"]
[Round "2"]
[White "Oleksienko, M."]
[Black "Fedorov, Alex"]
[Result "1/2-1/2"]
[WhiteElo "2588"]
[BlackElo "2560"]
[PlyCount "93"]
[EventDate "2008.09.01"]
[SourceDate "1999.07.01"]

1. e4 c5 2. Nf3 Nc6 3. d4 cxd4 4. Nxd4 e5 5. Nb5 d6 6. c4 Be7 7. N1c3 a6 8. Na3
f5 9. exf5 Bxf5 10. Be2 Nf6 11. O-O O-O 12. Nc2 Rc8 13. Be3 Qe8 14. Rc1 Qg6 15.
Kh1 Kh8 16. f3 b5 17. cxb5 axb5 18. Bf2 b4 19. Na4 Be6 20. Nb6 Rb8 21. Bb5 Na7
22. Bc4 Bxc4 23. Nxc4 Nc6 24. Bh4 e4 25. Bxf6 Rxf6 26. Qd5 exf3 27. Rxf3 Rxf3
28. gxf3 b3 29. axb3 Qg5 30. Qxg5 Bxg5 31. Rd1 Bf4 32. Rd3 Re8 33. Nxd6 Re2 34.
Rc3 Bxd6 35. Rxc6 Rxh2+ 36. Kg1 h5 37. Nd4 Bg3 38. Rc2 Rxc2 39. Nxc2 Be5 40. b4
Bxb2 41. b5 Be5 42. Nb4 g5 43. Nd5 Kg7 44. b6 Kf7 45. b7 Ke6 46. Nb4 Kd7 47.
Na6 1/2-1/2

[Event "8th Savaria Summer GM"]
[Site "Szombathely HUN"]
[Date "2008.08.22"]
[Round "9"]
[White "Papp, Ga"]
[Black "Vovk, Y."]
[Result "1/2-1/2"]
[WhiteElo "2509"]
[BlackElo "2549"]
[PlyCount "26"]
[EventDate "2008.08.14"]
[SourceDate "1999.07.01"]

1. e4 c5 2. Nf3 Nc6 3. d4 cxd4 4. Nxd4 e5 5. Nb5 d6 6. a4 Nf6 7. Bg5 a6 8. N5c3
Be6 9. Na3 Rc8 10. Bc4 Nd4 11. Nd5 Qa5+ 12. Bd2 Qd8 13. Bg5 Qa5+ 1/2-1/2

[Event "Najdorf Memorial Open"]
[Site "Warsaw POL"]
[Date "2008.08.10"]
[Round "9"]
[White "Bobras, P."]
[Black "Andriasian, Z."]
[Result "1/2-1/2"]
[WhiteElo "2561"]
[BlackElo "2533"]
[PlyCount "54"]
[EventDate "2008.08.02"]
[SourceDate "1999.07.01"]

1. e4 c5 2. Nf3 Nc6 3. d4 cxd4 4. Nxd4 e5 5. Nb5 d6 6. c4 Be7 7. N1c3 a6 8. Na3
f5 9. Bd3 f4 10. g3 Nf6 11. gxf4 exf4 12. Bxf4 O-O 13. Bg3 Nd7 14. f4 Nc5 15.
Nc2 Bh3 16. Bf1 Bxf1 17. Rxf1 Kh8 18. Qd5 Bf6 19. e5 dxe5 20. O-O-O Qe7 21. Bf2
Ne6 22. f5 Bg5+ 23. Be3 Ned4 24. Qe4 Nxc2 25. Kxc2 Bxe3 26. Qxe3 Rac8 27. Kb1
Qh4 1/2-1/2

[Event "41st Festival MTO"]
[Site "Biel SUI"]
[Date "2008.08.01"]
[Round "11"]
[White "Belov, Vl"]
[Black "Maze, S."]
[Result "1-0"]
[WhiteElo "2561"]
[BlackElo "2553"]
[PlyCount "59"]
[EventDate "2008.07.21"]
[SourceDate "1999.07.01"]

1. e4 c5 2. Nf3 Nc6 3. d4 cxd4 4. Nxd4 e5 5. Nb5 d6 6. N1c3 a6 7. Na3 b5 8. Nd5
Nge7 9. c4 Nxd5 10. cxd5 Nd4 11. Bd3 g6 12. O-O Bg7 13. Nc2 Nxc2 14. Qxc2 Bd7
15. Qb3 Qa5 16. Bg5 f6 17. Be3 Ke7 18. Qd1 Rhc8 19. f4 Bh6 20. Kh1 Bxf4 21.
Bxf4 exf4 22. Rxf4 Qb4 23. Qf1 Qxb2 24. e5 f5 25. e6 Be8 26. g4 Rc7 27. gxf5
gxf5 28. Rxf5 Rac8 29. Re1 Qd4 30. Qf4 1-0

[Event "29th Geneva Open"]
[Site "Geneva SUI"]
[Date "2012.12.28"]
[Round "4.1"]
[White "Guliyev, N."]
[Black "Maze, S."]
[Result "1/2-1/2"]
[WhiteElo "2545"]
[BlackElo "2546"]
[PlyCount "88"]
[EventDate "2012.12.26"]
[SourceDate "1999.07.01"]

1. e4 c5 2. Nf3 Nc6 3. d4 cxd4 4. Nxd4 e5 5. Nb5 d6 6. c4 Be7 7. Be2 Be6 8. O-O
Nf6 9. N1c3 a6 10. Na3 Rc8 11. Nc2 O-O 12. b3 b5 13. cxb5 axb5 14. Bg5 b4 15.
Bxf6 bxc3 16. Bxe7 Qxe7 17. Bc4 Bxc4 18. bxc4 Na5 19. Qd3 Nxc4 20. Qxc3 d5 21.
exd5 Nb6 22. Qd2 Nxd5 23. Qxd5 Rxc2 24. a4 Rc5 25. Qb3 Ra5 26. Rfc1 Rfa8 27.
Rc4 h6 28. Rb4 Qe8 29. h3 Kh7 30. Ra2 g6 31. h4 h5 32. g3 Kg7 33. Kh2 Kh7 34.
Rb7 Kg7 35. Rc2 R5a7 36. Rxa7 Rxa7 37. Rc4 Qe6 38. Qb5 Kh7 39. Kg2 e4 40. Rc3
Qa2 41. Rc8 e3 42. Qe5 Qxf2+ 43. Kh1 Qf1+ 44. Kh2 Qf2+ 1/2-1/2

[Event "Zagreb Open A 2013"]
[Site "Zagreb CRO"]
[Date "2013.03.03"]
[Round "8.3"]
[White "Zelcic, R."]
[Black "Jankovic, A."]
[Result "1-0"]
[WhiteElo "2543"]
[BlackElo "2538"]
[PlyCount "79"]
[EventDate "2013.02.25"]
[SourceDate "1999.07.01"]

1. e4 c5 2. Nf3 Nc6 3. d4 cxd4 4. Nxd4 e5 5. Nb5 d6 6. c4 Be7 7. N1c3 a6 8. Na3
Be6 9. Be2 Nd4 10. O-O Rc8 11. Nd5 Nf6 12. Bd3 O-O 13. Be3 Bxd5 14. exd5 Nd7
15. f4 Bf6 16. fxe5 dxe5 17. Nc2 Nxc2 18. Qxc2 g6 19. c5 Bg5 20. Bxg5 Qxg5 21.
b4 e4 22. Bxe4 a5 23. a3 axb4 24. axb4 Qe3+ 25. Kh1 Qd4 26. Qb1 Rce8 27. Bf3
Ne5 28. Rd1 Qc4 29. Qe4 Qxe4 30. Bxe4 Ng4 31. Bf3 Nf2+ 32. Kg1 Nxd1 33. Rxd1 f5
34. d6 Rb8 35. Re1 Rfd8 36. Re7 b6 37. Bd5+ Kf8 38. Rxh7 bxc5 39. bxc5 Rbc8 40.
Be6 1-0